[Event "Linares Anibal op 07th"]
[Site "Linares"]
[Date "2000.01.16"]
[Round "10"]
[White "Dzhumaev, Marat"]
[Black "Shabalov, Alexander"]
[Result "1-0"]
[WhiteElo "2483"]
[BlackElo "2592"]
[Annotator "Finkel,A"]
[PlyCount "101"]
[EventDate "2000.01.07"]
[EventType "swiss"]
[EventRounds "10"]
[EventCountry "ESP"]
[SourceTitle "CBM 075"]
[Source "ChessBase"]
[SourceDate "2000.04.05"]
[SourceVersion "1"]
[SourceVersionDate "2000.04.05"]
[SourceQuality "1"]

1. e4 Nf6 2. e5 Nd5 3. g3 $5 {An attempt to avoid theoretical lines.Of course,
white can't fight for the advantage like this and black has few ways to
equalize.} c5 (3... d6 4. exd6 cxd6 (4... Qxd6 5. Bg2 c5 6. Ne2 Nc6 7. O-O Bg4
8. h3 Bh5 9. Nbc3 Nxc3 10. bxc3 e5 $6 11. f4 exf4 12. g4 $1 $36 {Certic,
B-Varga,Z/Budapest FS12 GM 1995}) 5. Bg2 Nf6 6. d4 g6 7. Nf3 Bg7 8. O-O O-O 9.
Re1 Bg4 10. h3 Bxf3 11. Bxf3 d5 $11 {Kruglikov,A-Eriksson,J/Helsinki We SKFC 2
op 1997}) 4. Bg2 e6 5. Nf3 Nc6 6. O-O Be7 (6... d6 7. exd6 Bxd6 8. d4 O-O 9. c4
Nb6 10. dxc5 Bxc5 11. Qxd8 Rxd8 $11 {Schneider,R-Velicka,P/Regensburg op 1996})
7. Nc3 $5 (7. b3 O-O 8. Bb2 f5 $6 9. c4 Nc7 10. d4 cxd4 11. Nxd4 Rb8 12. Nb5
$14 {Alvir,A-Konopka,M/Donau op 1995}) 7... Nxc3 8. bxc3 b6 $6 ({More logical
seems} 8... d6 9. exd6 Bxd6 10. d4 Qc7 11. Be3 b6 12. Qd3 Bb7 13. a3 $13 {
with complicated struggle with mutual chanses.}) 9. d4 Ba6 $5 {Shabalov is
famous for his sharp style and desire to complicate the matters as soon as
possible,but sometimes this strategy is quiet risky.} 10. Re1 Rc8 11. d5 $1
exd5 12. Qxd5 $14 Na5 (12... O-O {[%csl Rd7]} 13. Bh3 Rc7 14. Bf4 Na5 15. Nd2
Bb7 16. Qd3 $14) 13. Bf4 Bc4 14. Qe4 Be6 15. h4 h6 16. a4 (16. h5 $5 Qc7 (16...
Bg4 $6 17. Rad1 Bxh5 (17... Rc6 18. Rd2 Bxh5 19. Bh3 $16) 18. Bh3 $16 {[%csl
Rd7]}) 17. Nh4 Bxh4 18. gxh4 Nc6 $132) 16... Qc7 17. Nd2 O-O 18. Qd3 $1 $36 {
[%cal Gd2e4,Ge4d6,Ge4f6] Preventing 18...d6 and intending to transfer the
knight to e4.} g5 19. Be3 c4 (19... Qxe5 20. Bxg5 $16) 20. Qe4 d5 (20... d6 21.
f4) 21. Qf3 $1 Nc6 22. Qh5 {[%csl Rg8]} Kg7 $8 23. hxg5 (23. f4 $5) 23... hxg5
24. Bxg5 Rh8 25. Bf6+ Bxf6 26. exf6+ Kxf6 27. Qe2 Rh6 (27... Kg7 28. Qe3 Qe7
29. Nf3 Qf6 30. Nd4 Nxd4 31. cxd4 $16) 28. Qe3 $14 {[%cal Gd2f3,Gf3d4] Now we
may say that the complications are over.White has very comfortable advantage,
and the most important thing-black is deprived of counterplay.} Rch8 29. Nf3
Rh5 30. Nd4 Nxd4 31. Qxd4+ (31. cxd4) 31... Kg6 32. Re3 Qd8 33. Rae1 Qf6 34.
Re5 Rxe5 (34... R8h6 35. Bxd5 $5 Bxd5 36. Qg4+ $1 Rg5 37. Rxg5+ Qxg5 38. Qxg5+
Kxg5 39. Re5+ $16) 35. Rxe5 Rh5 36. Re1 $1 (36. Rxh5 $2 Qxd4 37. cxd4 Kxh5 38.
c3 a5 $17 {[%csl Ra4]}) 36... Qxd4 $6 (36... Rh8 37. f4 $5) 37. cxd4 Kf6 38. f4
Rh8 39. Re5 Rd8 40. Bf3 {[%csl Rd5][%cal Gg3g5,Gf4f5]} a6 $2 {The decisive
mistake,and as it oftenly happens is made on 40th move.After correct} (40...
Rd6 $1 41. c3 a5 42. Kf2 Bd7 43. Bxd5 (43. Rxd5 Rxd5 44. Bxd5 Bxa4 45. Bxc4 b5
46. Bd5 b4 47. cxb4 axb4 $14) 43... Bxa4 44. g4 Kg7 $1 45. Bxc4 Rc6 46. Bd5
Rxc3 47. Re7 Bb3 $1 $14 {black should hold.}) 41. g4 b5 42. axb5 axb5 43. f5
Bc8 44. Rxd5 Rxd5 45. Bxd5 $18 {The endgame turns to be easily winning for
white.} Ba6 (45... Kg5 $2 46. Bxf7 Bb7 (46... Kxg4 47. Be6 $1 b4 48. Bxc8 b3
49. cxb3 c3 (49... cxb3 50. f6+ Kg5 51. f7 b2 52. Bf5 $1 $18) 50. f6+ Kg5 51.
f7 c2 52. f8=Q c1=Q+ 53. Kf2 Qd2+ 54. Kg3 Qc3+ 55. Qf3 $18) 47. Be6 Bf3 48. d5
Bxg4 49. d6 Kf6 50. d7 Ke7 51. f6+ $18) (45... c3 46. Kf2 b4 47. Ke3 $18 {
[%cal Ge3f4,Gg4g5]}) (45... Kg7 46. Kf2 f6 47. Ke3 Kf8 48. c3 $18) 46. c3 b4
47. cxb4 c3 48. Be4 Kg5 49. Kf2 Kf4 (49... Kxg4 50. Ke3 Kg5 51. Bc6 $1 $18 {
[%cal Gb4b7]}) 50. Bc2 f6 51. g5 $1 1-0

[Event "Interzonal-16"]
[Site "Biel"]
[Date "1993.??.??"]
[Round "5"]
[White "Yudasin, Leonid"]
[Black "Ehlvest, Jaan"]
[Result "1-0"]
[WhiteElo "2605"]
[BlackElo "2620"]
[Annotator "Ftacnik,L"]
[PlyCount "79"]
[EventDate "1993.07.16"]
[EventType "swiss"]
[EventRounds "13"]
[EventCountry "SUI"]
[SourceTitle "CBM 037"]
[Source "ChessBase"]
[SourceDate "1993.12.01"]
[SourceVersion "1"]
[SourceVersionDate "1993.12.01"]
[SourceQuality "1"]

1. e4 Nf6 2. e5 Nd5 3. Nc3 Nxc3 4. bxc3 c5 $5 5. f4 Nc6 (5... d6 6. Nf3 Nc6 7.
Rb1 $5 dxe5 $2 8. Nxe5 $14 {Bilek-Navarovsky/Budapest/1954/}) 6. d4 (6. Nf3 d5
7. d3) 6... d5 $1 7. Nf3 Bg4 8. Be2 e6 (8... Qa5 9. O-O $1) (8... Qb6 9. Be3
Qb2 10. O-O) 9. O-O Be7 10. h3 Bh5 11. Rb1 Qc7 12. Be3 c4 (12... cxd4 13. cxd4
Nb4 14. c3 $1 Qxc3 (14... Bxf3 15. Rxf3 Qxc3 16. Qa4+ $40) 15. Qa4+ Nc6 16. Bd2
) (12... O-O 13. g4 $1 Bg6 14. dxc5) 13. g4 $5 (13. Ng5 Bxe2 (13... Bg6 $5 14.
Bh5 (14. Bg4 Bxg5 15. fxg5 O-O-O $13) 14... Bxg5 15. fxg5 O-O-O $13) 14. Qxe2
Bxg5 $5 15. fxg5 O-O-O) 13... Bg6 14. Ne1 $1 (14. Nd2 Qa5 $1 15. f5 Qxc3 16.
Rf3 Nxd4) 14... f6 $2 (14... Qa5 15. Bd2 $1) (14... f5 $1 15. exf6 Bxf6 $1 (
15... gxf6 16. f5 $1 Qg3+ (16... Bf7 17. fxe6) (16... exf5 17. gxf5 Bf7 18. Bf4
$36) 17. Ng2 exf5 18. gxf5 Bf7 19. Rf3 Qc7 20. Nf4 $1) 16. Bf3 $36) 15. f5 Bf7
(15... exf5 16. gxf5 Bf7 17. e6 $16) 16. exf6 gxf6 (16... Bxf6 17. fxe6 Bxe6
18. Ng2 $36 {/\ Nf4}) 17. fxe6 Bxe6 18. Ng2 $1 O-O-O (18... h5 19. gxh5 Bxh3
20. Bg4 $1 Bxg2 21. Kxg2 Rg8 22. Qf3 $16) 19. Nf4 Bf7 20. Bf3 Qa5 $6 (20... a6
$1) 21. Qd2 Kb8 22. Kh1 Ka8 23. Bf2 $1 Rhe8 (23... Rhg8 24. Rbe1 $1) 24. Bg2 (
24. Bh4 f5) 24... a6 25. Bg3 $1 Rg8 26. Bh2 Rg5 $5 27. Rbe1 Rdg8 (27... f5 28.
Ne6 Bxe6 29. Rxe6 {/\ Re7}) 28. Bf3 $1 Ba3 $6 (28... f5 29. Ne6 $1 (29. h4 $5
Rxg4 30. Bxg4 Rxg4 $14 (30... fxg4 31. Bg3)) 29... Bxe6 30. Rxe6 fxg4 31. Bxg4)
29. Ne6 R5g6 (29... Bxe6 30. Rxe6 Bb2 31. Qf4 $1 Bxc3 32. Rxf6 $1 {/\ Rf8+})
30. Bc7 b6 (30... Qa4 31. Bxd5) (30... Qb5 31. Rb1 Bb2 32. Nc5 {/\ a4}) 31. Qg2
$1 Ne7 32. Nd8 $1 Rxd8 (32... Be8 33. Rxe7 Bxe7 34. Bxd5+ Ka7 35. Ba8 $18) 33.
Bxd8 Nc6 34. Bc7 {/\ Rb1} Kb7 35. Bh2 h5 (35... b5 36. Bxd5 $18) 36. Qg3 b5 37.
Qh4 $1 Rg5 (37... hxg4 38. Qh7 $18) 38. gxh5 Ne7 39. Qf4 Qd8 40. Qxf6 (40. Qxf6
Rf5 41. Rxe7+ Qxe7 42. Qxf5 $18) 1-0

[Event "Rostock-07 IM Group"]
[Site "Rostock"]
[Date "1981.08.21"]
[Round "7"]
[White "Bernard, Ryszard"]
[Black "Neckar, Lubomir"]
[Result "0-1"]
[WhiteElo "2325"]
[BlackElo "2380"]
[Annotator "Ftacnik,L"]
[PlyCount "80"]
[EventDate "1981.08.15"]
[EventType "tourn"]
[EventRounds "9"]
[EventCountry "DDR"]
[EventCategory "4"]
[SourceTitle "MCL"]
[Source "ChessBase"]
[SourceDate "1999.07.01"]
[SourceVersion "1"]
[SourceVersionDate "1999.07.01"]
[SourceQuality "1"]

1. e4 Nf6 2. e5 Nd5 3. c4 Nb6 4. c5 Nd5 5. Nc3 c6 {Rabar} 6. Nxd5 (6. Bc4) (6.
Nf3) 6... cxd5 7. d4 Nc6 8. Nf3 b6 9. Bd2 bxc5 10. dxc5 Rb8 11. Qa4 Qc7 12. Bc3
e6 13. Bd3 (13. b4 d4 $1) 13... Bxc5 14. Qg4 g6 15. O-O Bb4 16. Qg5 Bxc3 17.
bxc3 d6 18. Qh6 Nxe5 19. Nxe5 dxe5 20. Qg7 Rf8 21. Qxh7 e4 22. Bc2 Qe5 23. Ba4+
Bd7 24. Bxd7+ Kxd7 25. Rab1 Rb6 26. Rxb6 axb6 27. Rb1 Kc6 28. h3 Qh8 29. Qxh8
Rxh8 30. Rb3 Ra8 31. a3 f5 32. Kf1 Ra5 33. Ke2 Rb5 34. Rb4 Rxb4 35. cxb4 Kb5
36. g4 fxg4 37. hxg4 Ka4 38. Ke3 Kxa3 39. Kf4 Kxb4 40. Kg5 d4 0-1

[Event "CRO-ch"]
[Site "Slavonski Brod"]
[Date "1995.??.??"]
[Round "?"]
[White "Rogic, Davor"]
[Black "Loncar, Robert"]
[Result "0-1"]
[WhiteElo "2460"]
[BlackElo "2385"]
[Annotator "Hecht,H"]
[PlyCount "114"]
[EventDate "1995.02.??"]
[EventType "tourn"]
[EventRounds "13"]
[EventCountry "CRO"]
[EventCategory "10"]
[SourceTitle "CBM 048"]
[Source "ChessBase"]
[SourceDate "1995.10.01"]
[SourceVersion "1"]
[SourceVersionDate "1995.10.01"]
[SourceQuality "1"]

1. e4 Nf6 2. e5 Ng8 3. d4 d5 4. c4 dxc4 5. Bxc4 e6 6. Nf3 Ne7 7. O-O Nd5 8.
Nbd2 Be7 9. Ne4 h6 10. Bd2 Bd7 11. Ng3 Bc6 12. Rc1 Nd7 13. Bd3 N7b6 14. a3 Qd7
15. Qe2 a6 16. Ne4 Bb5 17. Nc5 Bxc5 18. Rxc5 Bxd3 19. Qxd3 Nc8 20. Qe4 Nce7 21.
Rfc1 O-O 22. h3 Ng6 23. Qg4 c6 24. R5c2 Qe8 25. Re1 f5 26. exf6 Rxf6 27. Bc1
Qf7 28. Rce2 Re8 29. Re4 Rf5 30. Qg3 Nf6 31. R4e3 Nh5 32. Qg4 Nhf4 33. Ne5 Nxe5
34. Rxe5 Nd3 35. Rxf5 exf5 36. Rxe8+ Qxe8 {Q+B - Q+N aktiver schwarzer N} 37.
Qd1 Qe4 38. Be3 f4 39. Bd2 Qxd4 40. Qf3 Nxb2 41. Bxf4 Nd3 42. Bg3 Qd5 43. Qg4
c5 44. f4 Qe4 45. Qh5 b5 46. f5 Ne1 47. Bxe1 Qxe1+ {Q-Q schwarzer
Mehr-Freibauer am Q-Flügel, Freibauern-Vormarsch unter K-Sicherung, leicht} 48.
Kh2 Qe5+ 49. Kh1 c4 50. Qf3 c3 51. Qc6 a5 52. f6 Qxf6 53. Qxb5 Qe6 54. Qxa5 (
54. Qd3 $142 Qc6 55. Qc2 a4 $19) 54... Qc4 55. Qd8+ Kh7 56. Qd1 c2 57. Qc1 Qb3
0-1

[Event "Olympiad-31"]
[Site "Moscow"]
[Date "1994.12.12"]
[Round "11.1"]
[White "Rozentalis, Eduardas"]
[Black "Yermolinsky, Alex"]
[Result "1-0"]
[WhiteElo "2595"]
[BlackElo "2590"]
[Annotator "Hecht,H"]
[PlyCount "99"]
[EventDate "1994.12.01"]
[EventType "team-swiss"]
[EventRounds "14"]
[EventCountry "RUS"]
[SourceTitle "CBM 045"]
[Source "ChessBase"]
[SourceDate "1995.04.01"]
[SourceVersion "1"]
[SourceVersionDate "1995.04.01"]
[SourceQuality "1"]
[WhiteTeam "Lithuania"]
[BlackTeam "US of America"]
[WhiteTeamCountry "LTU"]
[BlackTeamCountry "USA"]

1. e4 Nf6 2. Nc3 d5 3. exd5 Nxd5 4. Bc4 c6 5. Qf3 Nf6 6. h3 Nbd7 7. Qe2 g6 8.
Nf3 Nb6 9. Bb3 Bg7 10. O-O O-O 11. d3 Nbd5 12. Bd2 a5 13. a3 Be6 14. Nd4 Nxc3
15. Bxc3 Bd5 16. a4 e5 17. Nf3 Bxb3 18. cxb3 Re8 19. Rfe1 Nd5 20. Qe4 Nxc3 21.
bxc3 Qd5 22. Rab1 f5 23. Qe2 e4 24. dxe4 Rxe4 25. Qc2 Rae8 26. c4 Qc5 27. Rxe4
Rxe4 28. Qd3 Qe7 29. Rd1 h6 30. Kf1 Kf7 31. g3 b6 32. h4 Bf6 33. Qc2 g5 34.
hxg5 hxg5 35. Kg2 g4 36. Nd2 Re1 37. Rxe1 Qxe1 38. c5 $16 {White will attack
the K and the weak black pawns.} bxc5 39. Nc4 Qe6 40. Nxa5 Qd5+ 41. Kg1 Bd4 42.
Qc4 Ke8 43. Qe2+ Kd8 44. Nc4 Qd7 45. Qd2 Qe6 46. Qf4 Qe1+ 47. Kg2 Qb1 (47...
Qe4+ 48. Qxe4 fxe4 49. Kf1 Kc7 50. Ke2 Kb7 51. Nd6+ Ka6 52. Nxe4 Ka5 53. Nd2
Kb4 54. Nc4 Kxb3 55. a5 $18) 48. Qd6+ Ke8 49. Qe6+ Kd8 50. Nd6 (50. Nd6 Qd3 51.
Qe8+ Kc7 52. Qe7+ Kb6 53. Qb7+ Ka5 54. Nc4+ $18) 1-0

[Event "Itau Mercosul Cup 3rd"]
[Site "Sao Paulo"]
[Date "1999.??.??"]
[Round "7"]
[White "Pelikian, Jefferson"]
[Black "Milos, Gilberto"]
[Result "0-1"]
[WhiteElo "2395"]
[BlackElo "2586"]
[Annotator "Hindemburg,Melao"]
[PlyCount "80"]
[EventDate "1999.10.??"]
[EventType "swiss"]
[EventRounds "9"]
[EventCountry "BRA"]
[SourceTitle "EXT 2000"]
[Source "ChessBase"]
[SourceDate "1999.11.16"]
[SourceVersion "1"]
[SourceVersionDate "1999.11.16"]
[SourceQuality "1"]

1. e4 Nf6 2. Nc3 d5 3. exd5 (3. e5 d4 4. exf6 dxc3 5. fxg7 cxd2+ 6. Qxd2 Qxd2+
7. Bxd2 Bxg7 8. O-O-O $11) 3... Nxd5 4. Bc4 Nb6 5. Be2 (5. Bb3 $5) 5... g6 6.
Nf3 Bg7 7. O-O O-O 8. Re1 Nc6 9. h3 e5 10. a4 Bf5 $1 11. a5 Nd5 12. a6 $2 Ndb4
$1 13. d3 (13. axb7 Bxc2 14. bxa8=Q Qxa8 15. Nb5 Bxd1 16. Rxd1 Qb7 $19) 13...
Nxa6 $17 14. Bg5 f6 15. Be3 Nab4 16. g4 Be6 17. Ne4 Nd5 18. Nc5 Bc8 19. d4 b6
20. Bc4 $1 Kh8 (20... bxc5 21. dxe5 (21. dxc5 $2 Be6 $19) 21... Be6 (21... Nd4
$2 22. Bxd4 $1 cxd4 23. Nxd4 Bb7 24. Ne6 Qd7 25. Nxf8 Kxf8 26. e6 $16) 22. exf6
(22. Bxc5 Nxe5 23. Bxf8 Kxf8 24. Nxe5 fxe5 25. Ra6 Bf7 26. Qf3 Nf4 27. Rd1 $132
) 22... Rxf6 23. Bg5 $132) 21. Ne4 Nxe3 22. fxe3 f5 $19 23. gxf5 Bxf5 (23...
gxf5 24. Neg5 Qf6 $19 (24... e4 $5)) 24. Neg5 Qf6 25. Nf7+ $6 Rxf7 26. Bxf7
Qxf7 27. d5 e4 (27... Rd8 $5) 28. dxc6 exf3 29. Qxf3 Qe6 30. Ra4 Bxc2 31. Rf4
g5 32. Qg4 Qxg4+ 33. Rxg4 h6 34. Rf1 Rf8 35. Rxf8+ Bxf8 36. h4 Bf5 37. Rd4 Bc5
38. Rd8+ Kg7 39. Kf2 gxh4 40. Kf3 h3 0-1

[Event "Groningen op"]
[Site "Groningen"]
[Date "1990.??.??"]
[Round "2"]
[White "Bosboom, Manuel"]
[Black "Kindl, Peter"]
[Result "1/2-1/2"]
[WhiteElo "2470"]
[BlackElo "2335"]
[Annotator "King,D"]
[PlyCount "75"]
[EventDate "1990.??.??"]
[EventType "swiss"]
[EventRounds "9"]
[EventCountry "NED"]
[SourceTitle "CBM 022"]
[Source "ChessBase"]
[SourceDate "1991.06.01"]
[SourceVersion "1"]
[SourceVersionDate "1991.06.01"]
[SourceQuality "1"]

1. e4 Nf6 2. Nc3 d5 3. exd5 Nxd5 4. Bc4 e6 {4...Nb6 5.Bb3 Nc6 /\ Nd4,Na5 ^^.}
5. Qf3 Nb4 6. Bb3 N8c6 7. Nge2 Na5 8. Ba4+ Bd7 9. a3 Nd5 10. Bxd7+ Qxd7 11. O-O
Be7 12. Re1 O-O 13. Nxd5 exd5 14. Nf4 d4 15. d3 Rfe8 16. Nh5 Bf8 17. Bf4 Nc6
18. Kf1 Ne7 19. Re4 Ng6 20. Rae1 Rxe4 21. Rxe4 c5 22. Bg3 Qd5 23. b3 b5 24. Nf4
Nxf4 25. Qxf4 Rd8 26. Qc7 a6 27. Re5 Qa8 28. Rf5 f6 29. Qb6 Qc8 30. h4 Re8 31.
Rd5 Qg4 32. Kg1 Qd1+ 33. Kh2 Re1 34. Be5 Qg4 35. Bg3 Qd1 36. Be5 Qg4 37. Bg3
Qd1 38. Be5 1/2-1/2

[Event "Tatran Cup"]
[Site "Stary Smokovec"]
[Date "1990.??.??"]
[Round "10"]
[White "Tibensky, Robert"]
[Black "Smagin, Sergey"]
[Result "1/2-1/2"]
[WhiteElo "2385"]
[BlackElo "2550"]
[Annotator "King,D"]
[PlyCount "105"]
[EventDate "1990.??.??"]
[EventType "tourn"]
[EventRounds "11"]
[EventCountry "CSR"]
[EventCategory "10"]
[SourceTitle "CBM 021"]
[Source "ChessBase"]
[SourceDate "1991.04.01"]
[SourceVersion "1"]
[SourceVersionDate "1991.04.01"]
[SourceQuality "1"]

1. e4 d5 2. exd5 Nf6 3. Nc3 Nxd5 4. Bc4 Nb6 5. Bb3 Nc6 6. Nf3 e6 7. O-O (7. a4
$5) 7... Na5 $1 8. d3 Be7 9. Ne4 O-O 10. Bg5 f6 11. Bd2 Nxb3 12. axb3 {^^,=/+;}
e5 13. Ng3 c5 14. Nh4 g6 15. Kh1 Nd5 16. Qe2 Rf7 17. Nf3 b6 18. Qe4 Bf8 19. Qh4
Bb7 20. h3 Qc7 21. Ne4 Qc6 22. Qg3 Ne7 23. Nh4 Bg7 24. f4 exf4 25. Qxf4 g5 26.
Nxg5 Ng6 27. Qf5 Nxh4 28. Qxh7+ Kf8 29. Ne4 f5 30. Qxh4 fxe4 31. Rxf7+ Kxf7 32.
Qh7 Qf6 33. Bc3 Qh6 34. Rf1+ Ke7 35. Qxg7+ Qxg7 36. Bxg7 exd3 37. cxd3 Bxg2+
38. Kxg2 Rg8 39. Rf4 Rxg7+ 40. Kf2 Ke6 41. h4 Ke5 42. Rf3 Rh7 43. Rh3 Kf5 44.
Rh1 Kg4 45. Ke3 Kh5 46. Kd2 Rf7 47. Kc3 Rd7 48. Ra1 Kxh4 49. b4 cxb4+ 50. Kxb4
Kg5 51. Kc4 Kf5 52. Re1 Rc7+ 53. Kb4 1/2-1/2

[Event "Kecskemet"]
[Site "Kecskemet"]
[Date "1990.??.??"]
[Round "9"]
[White "Tolnai, Tibor"]
[Black "Karolyi, Tibor Jr"]
[Result "1-0"]
[WhiteElo "2490"]
[BlackElo "2440"]
[Annotator "King,D"]
[PlyCount "43"]
[EventDate "1990.06.??"]
[EventType "tourn"]
[EventRounds "13"]
[EventCountry "HUN"]
[EventCategory "8"]
[SourceTitle "CBM 020"]
[Source "ChessBase"]
[SourceDate "1991.02.01"]
[SourceVersion "1"]
[SourceVersionDate "1991.02.01"]
[SourceQuality "1"]

1. e4 Nf6 2. Nc3 d5 {2...e5} 3. e5 Ne4 (3... Nfd7 4. d4 e6 5. f4 c5 6. Nf3 {
-> Französich/ French}) 4. Nce2 (4. Nxe4 dxe4 5. d4 exd3 6. Bxd3 Nc6 7. Nf3 Bg4
8. h3 Bxf3 9. Qxf3 Qd4 $1 10. O-O Qxe5 11. Bf4 Qf6 $10 {Ritov-Karpov/URS/1969/}
) 4... f6 {4...d4} 5. d3 Nc5 (5... Ng5 6. Bxg5 fxg5 7. h4 gxh4 8. Nf4 g6 9.
Rxh4 Bg7 10. d4 c5 11. Bd3 Qa5+ 12. Kf1 cxd4 13. Rxh7 Rxh7 14. Bxg6+ Kd8 15.
Bxh7 Bxe5 16. Qf3 Nc6 17. Nxd5 Be6 18. Qf8+ Kd7 19. Qxa8 Qb5+ 20. Bd3 Qxb2 21.
Nb6+ $16 {Vorotnikov-Kengis 1983.}) 6. d4 $1 (6. b4 Ne6 7. Nf3 c5 8. bxc5 Nc6
9. Bb2 b6 $5 {Filcer-Bronstein,D/Moscow/1959/}) 6... Ne6 $6 (6... Ne4 7. f3 Ng5
8. Bxg5 fxg5 9. Qd3 $16) 7. f4 $14 c5 $2 (7... f5 8. g4 $1 $16) (7... fxe5 $5)
(7... g6 $5) 8. f5 $1 Nxd4 9. Nxd4 cxd4 10. e6 $1 g6 11. Nf3 Qa5+ (11... gxf5
12. Nxd4 $18) (11... Nc6 12. Bd3 Qd6 13. O-O $16) 12. Kf2 gxf5 (12... Nc6 13.
Bd3) 13. Nxd4 Qb6 14. Bb5+ Kd8 (14... Nc6 15. Be3 f4 $2 16. Qh5+ Kd8 17. Nxc6+
$18) 15. Re1 Nc6 16. Bxc6 bxc6 17. Be3 $1 c5 18. Nb3 Qxe6 (18... d4 19. Nxc5 $1
Qxc5 20. Bxd4 {/\ 21.Bxf6+}) 19. c4 $1 Rg8 (19... Bb7 20. Nxc5 Qc6 21. cxd5
Qxd5 $2 22. Nxb7+ $18) 20. cxd5 Qe5 21. g3 Rg4 (21... Qxb2+ 22. Re2 Qa3 23. d6
e6 24. Bxc5 Qa6 25. d7 Bxd7 26. Bxf8 Rxf8 27. Nc5 $18) 22. Qd2 1-0

[Event "Sao Paulo zt 2.4"]
[Site "Sao Paulo"]
[Date "2001.??.??"]
[Round "8"]
[White "Pelikian, Jefferson"]
[Black "Milos, Gilberto"]
[Result "0-1"]
[WhiteElo "2415"]
[BlackElo "2608"]
[Annotator "Melao,H"]
[PlyCount "120"]
[EventDate "2001.06.07"]
[EventType "tourn"]
[EventRounds "9"]
[EventCountry "BRA"]
[EventCategory "8"]
[SourceTitle "CBM 082 Extra"]
[Source "ChessBase"]
[SourceDate "2001.07.03"]
[SourceVersion "1"]
[SourceVersionDate "2001.07.03"]
[SourceQuality "1"]

1. e4 Nf6 2. Nc3 d5 3. e5 Nfd7 4. Nxd5 Nxe5 5. Ne3 Nec6 (5... e6 6. b3 Nbd7 7.
Bb2 b6 8. f4 Ng6 9. f5 exf5 10. Nxf5 Nde5 11. Bb5+ Bd7 12. Qe2 Bxb5 13. Qxb5+
Qd7 14. Qxd7+ Kxd7 15. O-O-O f6 16. Ne2 Re8 17. Rde1 Ne7 18. Ne3 Nc8 19. Ng3
Rg8 20. Rhf1 Nf7 21. Nh5 Be7 22. Nf5 Bf8 23. Rxe8 Kxe8 24. Nd4 Nd8 25. g4 Nd6
26. Nf3 Be7 27. d4 g6 28. Nf4 f5 29. g5 Ne4 30. Nd5 Nf7 31. h4 Bd8 32. Nb4 Kd7
33. d5 Re8 34. Nc6 a6 35. Nb8+ Kc8 36. Nxa6 Be7 37. a3 Bd6 38. Nb4 h6 39. gxh6
Nxh6 40. Nd3 {Maier,A-Hetey,L/Budapest 1995/EXT 97/1/2-1/2 (69)}) 6. b3 $5 $146
(6. Nf3 e5 7. d3 Bd6 8. Be2 Be6 9. O-O Nd7 10. c3 f5 11. d4 exd4 12. Nxd4 Nxd4
13. cxd4 Nf6 14. d5 Bd7 15. Nc4 O-O 16. Nxd6 cxd6 17. Bf3 Qb6 18. b3 Bb5 19.
Re1 Rfe8 20. Be3 Qa6 {Adinez,A-Kovalev,P/Nizhnij Novgorod 1999/EXT 2000/1-0 
(31)}) (6. Bc4 g6 7. f4 Bh6 8. Ne2 e5 9. O-O O-O 10. d3 Qd6 {1/2-1/2
Schaufelberger,H-Vaganian,R/Groningen 1969/EXT 2000 (10)}) 6... e5 7. Bb2 Bc5
8. Bc4 O-O 9. Qh5 Nd7 10. O-O-O Nf6 11. Qh4 Qe7 12. Nf3 (12. g4 $2 Nxg4) 12...
Ba3 13. Ng5 h6 14. Ne4 Nxe4 15. Qxe4 a5 16. Nd5 Bxb2+ 17. Kxb2 Qd6 18. a4 Bd7
$2 (18... Kh8 {[%cal Yf7f5]} 19. g4 f5 20. gxf5 Bxf5 $13) 19. g4 $1 $40 {
[%csl Rg8]} Rae8 20. Rhg1 Nd4 21. g5 $18 Bf5 22. Nf6+ $2 (22. Qg2 Bg6 (22... h5
23. Nf6+ $18) 23. gxh6 gxh6 24. Nxc7 $18) 22... gxf6 23. gxf6+ Kh8 24. Qh4 Bh7
25. Qxh6 Nf5 26. Qg5 Qd4+ 27. c3 Qh4 $17 28. Rde1 e4 29. Rg4 Qxg5 30. Rxg5 Nd6
31. Re3 Nxc4+ 32. bxc4 Bg6 33. Rxa5 Re6 34. f3 Rd8 35. Rd5 Rb6+ 36. Ka3 Rxd5
37. cxd5 exf3 38. Rxf3 Be4 39. Rh3+ Kg8 40. c4 Rxf6 41. Rg3+ Kf8 42. Kb4 Rf2
43. d3 Bg6 44. h3 Ke7 45. Kc5 Rd2 46. h4 Rxd3 47. Rxd3 Bxd3 48. Kd4 Be2 49. a5
f6 50. c5 Kd7 51. Ke4 c6 52. d6 Ke6 53. Kf4 Bh5 54. Ke4 Be8 55. Kf4 Bd7 56. Kg4
Kf7+ 57. Kh5 Bc8 58. Kh6 Bg4 59. h5 Be2 60. d7 Ke7 {[%csl Rc5,Rd7][%cal Yd7e6,
Ye6d5,Yd5c5]} 0-1

[Event "Ljubljana op 5th"]
[Site "Ljubljana"]
[Date "1994.??.??"]
[Round "?"]
[White "Pavasovic, Dusko"]
[Black "Mazi, Leon"]
[Result "1-0"]
[WhiteElo "2320"]
[BlackElo "2365"]
[Annotator "Pavasovic,D"]
[PlyCount "73"]
[EventDate "1994.06.??"]
[EventType "swiss"]
[EventRounds "9"]
[EventCountry "SLO"]
[SourceTitle "TD"]
[Source "ChessBase"]
[SourceDate "1994.03.01"]
[SourceVersion "1"]
[SourceVersionDate "1994.03.01"]
[SourceQuality "1"]

1. e4 Nf6 2. Nc3 d5 3. e5 Nfd7 (3... d4) (3... Ne4) 4. f4 e6 5. Nf3 c5 6. g3
Nc6 7. Bg2 a6 $5 (7... Be7 8. O-O O-O 9. d3 f6 10. exf6 Nxf6 11. Qe2 Re8 12.
Bd2 Bd6 13. h3 h6 14. Rae1 $14 {Balashov-Schmidt, Hale 1976}) 8. a4 Be7 (8...
Qa5 $5 9. O-O b5 $13) 9. O-O Qc7 (9... Qa5 $6 10. d3 b5 11. f5 $16) 10. d3 g6 (
10... b6 11. Ne2 Bb7 12. c3 O-O-O 13. Bd2 {/\ Rb1, b4+/=}) 11. Ne2 $5 b6 12. d4
$5 (12. c4 $1 d4 (12... dxc4 13. dxc4 Bb7 14. Bd2 O-O-O 15. Qc2 h5 16. Bc3 {
+/=/+/- /\ Nd2,Ne4,Rfd1}) 13. g4 $1 h5 14. gxh5 gxh5 15. Ng3 $16) 12... cxd4 (
12... c4 13. b3) (12... Bb7 13. Be3 O-O-O) 13. Nexd4 Nxd4 14. Nxd4 h5 15. Be3
Bb7 16. Qe2 Rc8 (16... Nc5 17. c4 $5) 17. c3 (17. Rfc1 Nc5 18. c4 dxc4 19. Qxc4
Bxg2 20. Kxg2 h4 21. b4 $2 (21. g4 $1 {/+/=}) 21... Qb7+ 22. Nf3 h3+ $17) 17...
Nc5 18. Nc2 {/\ Bd4,Ne3} a5 19. Nd4 Ba6 20. Nb5 O-O $2 (20... Kf8 $1) 21. g4 $1
(21. Kh1 $2 Nxa4 $1 22. Rxa4 Qd7 23. c4 Rxc4 (23... dxc4 $2 24. Nc3) 24. Rxc4
Qxb5 $17) 21... hxg4 22. Qxg4 Qd8 $6 (22... Qd7 23. h4) 23. f5 exf5 $8 24. Rxf5
Qd7 25. Raf1 Nxa4 $6 {[#]} (25... Ne6 26. Rf6 $1 Nc5 27. Qg5 $16 Bxf6 28. Rxf6)
26. e6 $3 Qxe6 $8 27. Bd4 $3 Rfd8 (27... Bxb5 28. Bxd5 $18) 28. Qh3 f6 $8 29.
Rxf6 $1 Qxh3 $8 30. Rxg6+ Kh7 $8 31. Rg7+ Kh6 $8 32. Bxh3 Bc5 (32... Rg8 33.
Bxc8 $18) 33. Rff7 Bxd4+ (33... Rg8 34. Bxc8 Rxg7+ 35. Rxg7 Bxd4+ 36. Nxd4 Kxg7
37. Bxa6 $18) 34. Nxd4 Bd3 35. Ne6 $3 $138 {+-} Rg8 36. Rf6+ Kh5 37. Bg4+ {
1.59/1.50} 1-0